000 00959cam a22002775a 4500
001 L158276
008 141121s2013 xxk f 000 0 eng d
020 _a9780955283451
035 _a(Sirsi) u158276
041 0 _aeng
050 0 4 _a346.41078 HUG
100 1 _aHughes, John
245 0 0 _aLaw of property act receiverships
_blaw and practice
250 _a3 ed
260 _aCorsham
_bLime Legal
_c2013
300 _axiii, 119p; 24cm
520 _aTraces the history of receivership and considers the differences and similarities with insolvency. Defines receivership . Looks at the appointment of a Law of Property Act (LPA) Receiver together with details of his/her powers and obligations.
590 _aKA
650 2 4 _aLAW OF PROPERTY ACT RECEIVERS
650 2 4 _aLPA RECEIVERS
650 2 4 _aLAW OF PROPERTY ACT 1925
650 2 4 _aINSOLVENCY ACT 1986
651 4 _aEngland and Wales
_y1543-
690 _aInsolvency
_96247
942 _n0
999 _c115239
_d115239